=LDR 00000nam 2200000 4500 =001 INLIS000000000039715 =005 20240221073740 =035 ##$$a 0010-061300000039715 =008 240221################g##########0#ind## =041 ##$$a Ind =082 ##$$a 813 =090 ##$$a 813, Dea d.2 =100 ##$$a Khemir,Sabiha al =245 1#$$a The Blue Nowhere : $b Legenda kitab biru /$c Sabiha al khemir; Alih bahasa,Bima sudiarto; Editor, Fiedha l hasiem =260 ##$$a Jakarta :$b Inti medina,$c 2004 =300 ##$$a 40 hlm ; $c 18 cm =850 ##$$a NBPNMAT =020 ##$$a 978-979-072-000-8 =084 ##$$a 813 KHE t =990 ##$$a 21112785 =990 ##$$a 01201901404 =990 ##$$a 31700214 =990 ##$$a 21112785